|
|
|
|
| LEADER |
00971nam a2200253 a 4500 |
| 001 |
3398174 |
| 008 |
090616s1990 nyua b 001 0 eng d |
| 010 |
|
|
|a 89012886
|
| 020 |
|
|
|a 0023344016
|
| 040 |
|
|
|a DLC
|c DLC
|d DLC
|
| 082 |
0 |
0 |
|a 658.8
|2 20
|
| 100 |
1 |
|
|a Evans, Joel R.
|
| 245 |
1 |
0 |
|a Marketing /
|c Joel R. Evans, Barry Berman.
|
| 250 |
|
|
|a 4th ed.
|
| 260 |
|
|
|a New York, N.Y. :
|b Macmillan Pub. Co., ;
|a London :
|b Collier Macmillan Pub. Co.,
|c c1990.
|
| 300 |
|
|
|a xxix, 780, [79], [30] p. :
|b col. ill. ;
|c 26 cm.
|
| 500 |
|
|
|a Colored ill. on lining papers.
|
| 504 |
|
|
|a Includes bibliographical references.
|
| 541 |
1 |
|
|e 00004910
|
| 650 |
|
0 |
|a Marketing.
|
| 700 |
1 |
|
|a Berman, Barry.
|
| 852 |
4 |
|
|a Ayesha Abed Library
|j General shelf
|
| 999 |
|
|
|c 1437
|d 1437
|
| 952 |
|
|
|0 0
|1 0
|2 ddc
|4 0
|6 658_800000000000000_EVA_1990
|7 0
|9 1315
|a BRACUL
|b BRACUL
|c GEN
|d 2009-06-28
|g 0.00
|l 1
|o 658.8 EVA
|p 3010004910
|r 2023-09-26
|s 2023-09-23
|t 1
|w 2009-06-28
|y BK
|x No price found in the accession register.
|